Les sons de l'album J.000.$ de Josman (2023) - Statistiques

Statistiques générales
  • Ce quiz a été pris 82 fois
  • Le résultat moyen est 9 sur 13
Statistiques - réponses
Réponse % Correct
Ailleurs
96%
CARLO
92%
Problèmes de Riche
83%
50k€
75%
Apple Pay
75%
Les Flammes
75%
Cohiba
73%
Rich Music
69%
Cocktail
63%
P.O.V
54%
A feu doux...
48%
Cotton Club Freestyle - Remix
48%
Yacht & Champagne - Skit
42%
Aucun quiz correspondant
Distribution des résultats
% des personnes avec chaque résultat
Percentile par nombre de réponses
Votre historique - résultats
Vous n’avez pas pris ce quiz